| 000 | 00804nam a2200181 4500 | ||
|---|---|---|---|
| 999 |
_c56824 _d56824 |
||
| 005 | 20190508202605.0 | ||
| 008 | 190508c2019 ру ||||| |||| 00| 0 рус d | ||
| 022 | _a2587-6597 | ||
| 041 | _aрус | ||
| 245 |
_aНефтегазовые технологии и аналитика : _b январь 2019 : научно-технический журнал / _cГл. ред.: Кутасова Н.В. |
||
| 260 |
_aМосква : _bНаука, _c2019. |
||
| 300 | _aV. | ||
| 653 | _aნავთობის ტეხნოლოგია და ანალიზი | ||
| 653 | _aНефтегазовые технологии и аналитика.январь 2019г. | ||
| 653 | _aпериодика | ||
| 700 |
_aКутасова Н.В. _eГлавный редактор _9916 |
||
| 942 |
_2udc _cCR |
||